| 000 | 00561 a2200181 4500 | ||
|---|---|---|---|
| 999 |
_c7071 _d7071 |
||
| 020 | _a8121936489 | ||
| 050 | _aHD39.5 JAI 2011 | ||
| 100 |
_aJain, K. C. _eauthor |
||
| 245 |
_aPurchasing and materials management / _cK. C. Jain and Er Jeet Patidar |
||
| 264 |
_aNew Delhi : _bS. Chand and Company Ltd, _c2011 |
||
| 300 |
_axiii, 346p. : _bill. |
||
| 500 | _atext | ||
| 650 |
_aIndustrial procurement _xManagement |
||
| 650 | _aMaterials management | ||
| 650 | _aIndustrial procurement | ||
| 700 |
_aPatidar, Er. Jeet _eauthor |
||
| 942 |
_2lcc _cBK _h39.5 _iJAI _kHD |
||